000 00552nam a22001937a 4500
999 _c9769
_d9769
003 GBCCL
005 20241126110718.0
008 230712b ||||| |||| 00| 0 eng d
020 _a9780310244165
040 _cgbc
082 _a225.77
_bZON
100 _aJobes, Karen H
_916691
245 _a1,2 and 3 John
260 _aGrand Rapids :
_bZondervan ,
_c2013
300 _a358 pages
440 _aZondervan exegetical commentary on the New Testament
_vv. 19
_916978
650 _aBible
_vEpistles of John
_xcommentaries
_916979
942 _2ddc
_cREF